<?xml version="1.0" encoding="UTF-8"?>
<record
    xmlns:xsi="http://www.w3.org/2001/XMLSchema-instance"
    xsi:schemaLocation="http://www.loc.gov/MARC21/slim http://www.loc.gov/standards/marcxml/schema/MARC21slim.xsd"
    xmlns="http://www.loc.gov/MARC21/slim">

  <leader>04131nam a22002417a 4500</leader>
  <controlfield tag="005">20220111093628.0</controlfield>
  <controlfield tag="008">220110b           ||||| |||| 00| 0 eng d</controlfield>
  <datafield tag="020" ind1=" " ind2=" ">
    <subfield code="a">9789352836109</subfield>
  </datafield>
  <datafield tag="040" ind1=" " ind2=" ">
    <subfield code="c">AL</subfield>
  </datafield>
  <datafield tag="041" ind1=" " ind2=" ">
    <subfield code="a">Eng</subfield>
  </datafield>
  <datafield tag="082" ind1=" " ind2=" ">
    <subfield code="2">23</subfield>
    <subfield code="a">515.35</subfield>
    <subfield code="b">RAIO</subfield>
  </datafield>
  <datafield tag="100" ind1=" " ind2=" ">
    <subfield code="a">Raisinghania M D</subfield>
    <subfield code="9">12858</subfield>
  </datafield>
  <datafield tag="245" ind1=" " ind2=" ">
    <subfield code="a">Ordinary and Partial Differential Equations</subfield>
  </datafield>
  <datafield tag="250" ind1=" " ind2=" ">
    <subfield code="a">Ed 20.</subfield>
  </datafield>
  <datafield tag="260" ind1=" " ind2=" ">
    <subfield code="a">New Delhi</subfield>
    <subfield code="b">S Chand And Company Limited</subfield>
    <subfield code="c">2021</subfield>
  </datafield>
  <datafield tag="300" ind1=" " ind2=" ">
    <subfield code="a">xxx,318 p.</subfield>
    <subfield code="b">PB</subfield>
    <subfield code="c">24x16.5 cm.</subfield>
  </datafield>
  <datafield tag="365" ind1=" " ind2=" ">
    <subfield code="a">4971</subfield>
    <subfield code="b">&#x20B9;559.20</subfield>
    <subfield code="c">&#x20B9;</subfield>
    <subfield code="d">&#x20B9;699.00</subfield>
    <subfield code="e">20%</subfield>
    <subfield code="f">06-01-2022</subfield>
  </datafield>
  <datafield tag="520" ind1=" " ind2=" ">
    <subfield code="a">This well-acclaimed book, now in its twentieth edition, continues to offer an in-depth presentation of the fundamental concepts and their applications of ordinary and partial differential equations providing systematic solution techniques. The book provides step-by-step proofs of theorems to enhance students' problem-solving skill and includes plenty of carefully chosen solved examples to illustrate the concepts discussed.
Designed as a textbook for undergraduate and postgraduate students of Mathematics and Physics as well as undergraduate students of all branches of Engineering and AMIE, this book would also be useful for the aspirants of GATE, CSIR-UGC (NET) and other competitive examinations.</subfield>
  </datafield>
  <datafield tag="520" ind1=" " ind2=" ">
    <subfield code="a">Key Features
A new chapter on "Miscellaneous Methods and Existence and Uniqueness Theorem for Solutions of First Order Initial Value Problems
Clear exposition of Picard's theorem and Picard's iterative method of successive approximations
Detailed discussion on Lipschitz condition, Lipschitz constant, Lipschitz continuous function, Gronwall inequality and existence and uniqueness of solutions to first order initial value problems
For practice a number of exercises including questions asked in different university examinations, GATE, CSIR-UGC (NET) and other competitive examinations 
Contents
PART I: ELEMENTARY DIFFERENTIAL EQUATIONS

1. Differential Equations: Their Formation and Solutions
2. Equations of First Order and First Degree
3. Trajectories
4. Equations of the First Order but Not of the First Degree and Singular Solutions and Extraneous Loci
5. Linear Differential Equations with Constant Coefficients
6. Homogeneous Linear Equations or Cauchy-Euler Equations
7. Method of Variation of Parameters
8. Ordinary Simultaneous Differential Equations
9. Exact Differential Equations and Equations of Special Forms
10. Linear Equations of Second Order
11. Applications of Differential Equations
12. Miscellaneous Methods and Existence and Uniqueness Theorem for Solutions of First Order Initial Value Problems
PART II: ADVANCED ORDINARY DIFFERENTIAL EQUATIONS, FOURIER SERIES AND SPECIAL FUNCTIONS

1. Picard's Iterative Method, Picard's Theorem and Existence and Uniqueness of Solutions to First Order Initial Value Problems
2. Simultaneous Equations of the Form (dx)/P =(dy)/Q =(dz)/R
3. Total (or Pfaffian) Differential Equations
4. Beta and Gamma Functions
5. Chebyshev Polynomials
6. Fourier Series
7. Power Series
8. Integration in Series
9. Legendre Polynomials
10. Legendre Functions of the Second Kind&#x2014;Qn(x)
11. Bessel Functions
12. Orthogonal Sets of Functions and Strum Liouville Problem

PART III: PARTIAL DIFFERENTIAL EQUATIONS
1. Origin of Partial Differential Equations
2. Linear Partial Differential Equations of Order One
3. Non-linear Partial Differential Equations of Order One
4. Homogeneous Linear Partial Differential Equations with Constant Coefficients
5. Non-homogeneous Linear Partial Differential Equations with Constant Coefficients
6. Partial Differential Equations Reducible to Equations with Constant Coefficients
7. Partial Differential Equations of Order Two with Variable Coefficients
8. Classification of P.D.E. Reduction to Canonical or Normal Forms Riemann Method
9. Monge's Methods
10. Transport Equation
11. Cauchy Initial Value Problem for Linear First Order Partial Differential Equations
Miscellaneous problems based on Part III of the book
</subfield>
  </datafield>
  <datafield tag="650" ind1=" " ind2=" ">
    <subfield code="a">Differential equations</subfield>
    <subfield code="9">12802</subfield>
  </datafield>
  <datafield tag="700" ind1=" " ind2=" ">
    <subfield code="a">RAISINGHANIA (M D)</subfield>
    <subfield code="9">12803</subfield>
  </datafield>
  <datafield tag="942" ind1=" " ind2=" ">
    <subfield code="2">ddc</subfield>
    <subfield code="c">BK</subfield>
  </datafield>
  <datafield tag="999" ind1=" " ind2=" ">
    <subfield code="c">221136</subfield>
    <subfield code="d">221136</subfield>
  </datafield>
  <datafield tag="952" ind1=" " ind2=" ">
    <subfield code="0">0</subfield>
    <subfield code="1">0</subfield>
    <subfield code="2">ddc</subfield>
    <subfield code="4">0</subfield>
    <subfield code="7">0</subfield>
    <subfield code="8">MAT</subfield>
    <subfield code="a">AL</subfield>
    <subfield code="b">AL</subfield>
    <subfield code="d">2022-01-10</subfield>
    <subfield code="e">Biblios Book Point</subfield>
    <subfield code="g">559.00</subfield>
    <subfield code="l">5</subfield>
    <subfield code="o">515.35 RAIO</subfield>
    <subfield code="p">075307</subfield>
    <subfield code="r">2025-10-04 09:07:45</subfield>
    <subfield code="s">2025-06-24</subfield>
    <subfield code="v">699.00</subfield>
    <subfield code="w">2022-01-10</subfield>
    <subfield code="y">BK</subfield>
  </datafield>
</record>
